Introduction to mechanics of solids (Record no. 6446)

000 -LEADER
fixed length control field 00525nam a22001931 4500
001 - CONTROL NUMBER
control field 6446
003 - CONTROL NUMBER IDENTIFIER
control field BD-DhUET
008 - FIXED-LENGTH DATA ELEMENTS--GENERAL INFORMATION
fixed length control field 700820s1968 njua b 000 0 eng
040 ## - CATALOGING SOURCE
Original cataloging agency DLC
Transcribing agency DLC
Modifying agency BD-DhUET
082 00 - DEWEY DECIMAL CLASSIFICATION NUMBER
Classification number 620.11
Item number POP/1968
100 ## - MAIN ENTRY--PERSONAL NAME
Personal name Egor P. Popov
245 10 - TITLE STATEMENT
Title Introduction to mechanics of solids
250 ## - EDITION STATEMENT
Edition statement 1st ed.
260 ## - PUBLICATION, DISTRIBUTION, ETC. (IMPRINT)
Place of publication, distribution, etc. New Jersey
Name of publisher, distributor, etc. Prentice-Hall
Date of publication, distribution, etc. 1968
300 ## - PHYSICAL DESCRIPTION
Extent xix, 571p.
Other physical details illus.
490 0# - SERIES STATEMENT
Series statement Civil engineering and engineering mechanics series
650 #0 - SUBJECT ADDED ENTRY--TOPICAL TERM
Topical term or geographic name as entry element Strength of materials
942 ## - ADDED ENTRY ELEMENTS (KOHA)
Koha item type General Book
Holdings
Copy number Koha date last seen Koha out on loan Koha issues (times borrowed) Lost status Sublocation or collection (holding branch) Source of classification or shelving scheme Date acquired Koha item type Koha full call number Damaged status Koha normalized classification for sorting Piece designation (barcode) Shelving location Koha date last borrowed Price effective from Withdrawn status Location (home branch) Not for loan
12014-12-15   Central Library, BUET 2014-12-15General Book620.11/POP/1968 620_110000000000000_POP_196839984Circulation section 2014-12-15 Central Library, BUET 
22025-11-302025-12-142 Central Library, BUET 2014-12-15General Book620.11/POP/1968 620_110000000000000_POP_196840240Circulation section2025-11-302014-12-15 Central Library, BUET 
32014-12-15   Central Library, BUET 2014-12-15General Book620.11/POP/1968 620_110000000000000_POP_196862168Circulation section 2014-12-15 Central Library, BUET 
42025-04-20 7 Central Library, BUET 2014-12-15General Book620.11/POP/1968 620_110000000000000_POP_196874505Circulation section2024-03-192014-12-15 Central Library, BUET 
52015-06-29   Central Library, BUET 2015-06-29Reading Item620.11/POP/1968 620_110000000000000_POP_196842955Reading section 2015-06-29 Central Library, BUET